Score 0/31 Timer 04:00
14 Plays Today
Clue 4-Letter Word % Correct
Item worn by married peopleRING
96.2%
Old MacDonald's homeFARM
94.1%
Discover or locateFIND
93.4%
Called on the phoneRANG
92.3%
Money for using a taxiFARE
91.9%
Karate rank indicatorBELT
91.6%
Imaginative storyTALE
91.5%
Like most NBA playersTALL
91.5%
Sculpture of a person's headBUST
90.8%
The bottom of one's footSOLE
90.7%
Huck Finn's river vehicleRAFT
90.2%
Disney partner of ChipDALE
90.2%
Superlative form of goodBEST
90%
Wild, emotional speechRANT
89.9%
Hurt, tired, achingSORE
89.2%
1976 US Election Loser✩FORD✩
88.7%
Clue 4-Letter Word % Correct
Have an affection for (with 'of')FOND
87.8%
2000 US Election Loser✩GORE✩
87.7%
A figure or shapeFORM
87.6%
1992 US Election Loser✩BUSH✩
87.5%
1912 US Election Loser✩TAFT✩
87.3%
1996 US Election Loser✩DOLE✩
86.7%
Big partyBASH
85.5%
Swiss symbol WilliamTELL
85.2%
Close attention and concernCARE
84.3%
1860 US Election Loser✩BELL✩
83.1%
Legal proceedings; lawyer's workCASE
82.4%
Courteous or affectionateKIND
82%
1816 US Election Loser✩KING✩
80.5%
Meghan Trainor is all about itBASS
80.3%
1848 US Election Loser✩CASS✩
69.4%

Today's Daily Dose

Remove Ads.
Support Sporcle.
Get the best of Sporcle when you Go Orange. This ad-free experience offers more features, more stats, and more fun while also helping to support Sporcle. Thank you for becoming a member.

You're not logged in!

Compare scores with friends on all Sporcle quizzes.
OR
Log In

Show Comments

Extras

Top Quizzes Today


Score Distribution

Your Account Isn't Verified!

In order to create a playlist on Sporcle, you need to verify the email address you used during registration. Go to your Sporcle Settings to finish the process.

Report this User

Report this user for behavior that violates our Community Guidelines.

Details: